Normal view MARC view

Entry Personal Name

Number of records used in: 1

001 - CONTROL NUMBER

  • control field: 261777

003 - CONTROL NUMBER IDENTIFIER

  • control field: MY-SjTCS

005 - DATE AND TIME OF LATEST TRANSACTION

  • control field: 20200306165218.0

008 - FIXED-LENGTH DATA ELEMENTS

  • fixed length control field: 200306|| aca||aabn | a|a d

040 ## - CATALOGING SOURCE

  • Original cataloging agency: MY-SjTCS
  • Transcribing agency: MY-SjTCS

100 ## - HEADING--PERSONAL NAME

  • Personal name: Poore, J. H.

670 ## - SOURCE DATA FOUND

  • Source citation: Work cat.: (MY-SjTCS)53724: National Research Council (U.S.). Oversight Committee for the Workshop on Statistical Methods in Software Engineering for Defense Systems. 261773, Innovations in software engineering for defense systems, c2003.